Copa do Mundo da FIFA de 2026 - Statistics

Estatísticas Gerais
  • Esse quiz foi jogado 70 vezes
  • A pontuação média é 39 de 48
Estatísticas das Respostas
Grupo Time % Correto
C Brasil
100%
B Canadá
97%
D Estados Unidos
97%
J Argentina
95%
K Colômbia
95%
H Espanha
95%
I França
95%
A México
95%
E Alemanha
92%
C Marrocos
92%
K Portugal
92%
D Austrália
89%
H Uruguai
89%
C Escócia
86%
C Haiti
86%
G Irã
86%
F Japão
86%
F Países Baixos
86%
A África do Sul
84%
A Coréia do Sul
84%
E Equador
84%
L Inglaterra
84%
D Paraguai
84%
F Suécia
84%
B Suíça
84%
G Bélgica
81%
I Noruega
81%
I Senegal
81%
B Bósnia e Herzegovina
78%
L Croácia
78%
I Iraque
78%
G Nova Zelândia
78%
E Costa do Marfim
76%
G Egito
76%
L Panamá
73%
L Gana
70%
D Turquia
70%
B Catar
68%
H Arábia Saudita
65%
J Áustria
65%
E Curaçao
65%
K República Democrática do Congo
65%
F Tunísia
65%
K Uzbequistão
65%
J Argélia
62%
A República Checa
62%
J Jordânia
59%
H Cabo Verde
57%
Nenhum quiz correspondente encontrado
Distribuição das Pontuações
Porcentagem de Pessoas com Cada Pontuação
Percentil de Números Respondidos
Sua Pontuação Histórica
Você não jogou esse quiz